000 00810nam a22002171i 4500
999 _c23297
_d23297
001 vtls009705370
005 20220823091950.0
008 090725s1987 SK o r 000 slo d
020 _c180,-Kčs
035 _a(SVKBBclas03)vtls000075236
040 _aSVKBB
_bslo
_cSVKBB
_eAACR2
041 1 _aslo
_hcze
080 _a7:069
100 1 _aKotalík, Jiří T.,
_d1951-2020,
_93289
245 0 0 _aNárodná galéria v Prahe 1
_bZbierka starého európskeho umenia. Zbierka starého českého umenia
_cJiří Kotalík a kol.; úv. nap. a uspor. aut.; z čes. orig. prel. Božena Grečnerová
250 _a1. vyd.
260 _aBratislava
_bTatran
_c1987
300 _a33 s.
_bLit. na s. 333
_eViaz. fotogr. príl.
650 0 7 _agalérie
_zČeskoslovensko.
_93290
700 1 _aGrečnerová, Božena.
_eprekl.
_93291